Visio - průvodce nástroji kreslicího programu
Gespeichert in:
| 1. Verfasser: | |
|---|---|
| Format: | Buch |
| Sprache: | Tschechisch |
| Veröffentlicht: |
Praha :
BEN - technická literatura,
1997
|
| Tags: |
Keine Tags, Fügen Sie das erste Tag hinzu!
|
MARC
| LEADER | 00000nam a22000003a 4500 | ||
|---|---|---|---|
| 001 | stu48865 | ||
| 005 | 20150617225708.5 | ||
| 008 | 981221s1997------------------------cze-d | ||
| 020 | |a 80-86056-09-0 | ||
| 040 | |a STU |b slo | ||
| 041 | 0 | |a cze | |
| 080 | |a 741/744:681.3.06 | ||
| 100 | 1 | |a Sivák, Jaroslav |4 aut | |
| 245 | 1 | |a Visio - průvodce nástroji kreslicího programu | |
| 260 | |a Praha : |b BEN - technická literatura, |c 1997 | ||
| 300 | |a 199 s | ||
| 500 | |a Obr.,tab. | ||
| 996 | |b CB2265 |c C*B2265 |l CCI |s A |a 24 |w stu48865_0001 | ||